| 000 | 00479nam a2200169Ia 4500 | ||
|---|---|---|---|
| 999 |
_c22330 _d22330 |
||
| 003 | OSt | ||
| 005 | 20200319144748.0 | ||
| 008 | 190216s9999||||xx |||||||||||||| ||und|| | ||
| 040 | _coclc | ||
| 082 |
_a297 _bFAI/R |
||
| 100 |
_aFaisee, P M K _92088 |
||
| 245 | 0 |
_aRasoolinte Kodathi / _cP M K Faisee |
|
| 260 |
_bPoomkavanam Books Publishers, _c1992. _aCalicut: |
||
| 300 | _a76p | ||
| 650 | _aHistorical Novel | ||
| 942 |
_cBK _2ddc _h297 _iFAI/R _k297 _mFAI/R |
||